000 01461pab a2200169 454500
008 180718b2002 xxu||||| |||| 00| 0 eng d
100 _aHerrero, Marta
245 _aTowards a sociology of art collections: Irish intellectuals, modernity and the making of a modern art collection
260 _c2002
300 _ap.57-72
362 _aMar
520 _aThis article draws on Zygmunt Bauman's concept `legislator' - the intellectual practice of modernity - to explore the relationship between Irish intellectuals and modernity. The case study selected for this purpose is the intellectual debate that took place around the making of Dublin's first modern art collection, which led to the opening of the Municipal Gallery of Modern Art in 1908. Its premise is that art collections are the outcome of intellectual practices, which legitimate and define their role. Overall, this example is used to investigate the complex ways in which Irish intellectuals sought to renegotiate Ireland's relation to modernity, a discourse that positioned it as a `peripheral' country. The article concludes by saying that the making of a modern art collection was used as a means to renegotiate a more constructive view of Ireland, and suggests `modernities' as a term that captures the various intellectual practices of modernity. - Reproduced.
650 _aIntelligentsia - Ireland
650 _aArt collections
773 _aInternational Sociology
909 _a52131
999 _c52131
_d52131